书目信息 |
| 题名: |
工业锅炉安全技术
|
|
| 作者: | 刘积贤 编 | |
| 分册: | ||
| 出版信息: | 北京 化学工业出版社 1981 |
|
| 页数: | 360页 | |
| 开本: | 19cm | |
| 丛书名: | 劳动保护丛书 | |
| 单 册: | ||
| 中图分类: | TK223.6 | |
| 科图分类: | ||
| 主题词: | 工业锅炉--安全技术 | |
| 电子资源: | ||
| ISBN: | ||
| 000 | 00676nam2 2200253 45 | |
| 001 | 0181004358 | |
| 005 | 20060815153928.52 | |
| 010 | @dCNY0.95 | |
| 091 | @a15063.3236 | |
| 100 | @a19950305d1981 em y0chiy0121 ea | |
| 101 | 0 | @achi |
| 102 | @aCN@b110000 | |
| 105 | @ay z 000yy | |
| 200 | 10 | @a工业锅炉安全技术@Agong ye guo lu an quan ji shu@f刘积贤编 |
| 210 | @a北京@c化学工业出版社@d1981 | |
| 215 | @a360页@d19cm | |
| 225 | 2 | @a劳动保护丛书 |
| 410 | 0 | @120010@a劳动保护丛书 |
| 606 | @a工业锅炉@x安全技术 | |
| 690 | @aTK223.6@v3 | |
| 701 | 0 | @a刘积贤@Aliu ji xian@4编 |
| 801 | 0 | @aCN@bTSSF@c20060815 |
| 801 | 2 | @aCN@bNLC@c20060731 |
| 905 | @a10447@dTK223.6@e60 | |
| 工业锅炉安全技术/刘积贤编.-北京:化学工业出版社,1981 |
| 360页;19cm.-(劳动保护丛书) |
| ISBN :CNY0.95 |
| ● |
| 相关链接 |
|
|
|
|
正题名:工业锅炉安全技术
索取号:TK223.6/60
 
预约/预借
| 序号 | 登录号 | 条形码 | 馆藏地/架位号 | 状态 | 备注 |
| 1 | 0439102 | 204391023 | 密集书库/ [索取号:TK223.6/60] | 在馆 | |
| 2 | 0458572 | 204585724 | 密集书库/ [索取号:TK223.6/60] | 在馆 |